Word Ladder: Michelangelo Masterpiece Quiz Stats

Quiz Updated May 2, 2015

Challenge
Share
Tweet
Embed
Score 0/20 Timer 03:00
2 Plays Today
Clue 4-Letter Word % Correct
Italy's shapeBOOT
97.3%
Now and ___THEN
97.2%
✷Pre-adult age✷🎨 TEEN 🎨
97.1%
Song: 'Since U ____ Gone'BEEN
96.7%
SkinnyTHIN
96.5%
Sailing vesselBOAT
96.4%
✷A type of 'stick' for dry lips✷🎨 CHAP 🎨
96%
Where an uppercut often landsCHIN
95.6%
Poker betting pieceCHIP
95.6%
To talk informallyCHAT
95.6%
Clue 4-Letter Word % Correct
Price of somethingCOST
95.3%
Outer garment like a jacketCOAT
93.6%
Garbanzo or stringBEAN
92.9%
A foolish, eccentric old manCOOT
92.2%
Wiped outBEAT
89.7%
Indianapolis football playerCOLT
89%
Tribal person from old Ireland/BritainCELT
85%
Animal hidePELT
83.9%
✷Paired with 'mell' to mean disorderly✷🎨 PELL 🎨
79.1%
✷Abnormal cell cluster✷🎨 CYST 🎨
61.9%

Today's Daily Dose

Word Ladder
Summertime

On This Day
June 23rd II

You're not logged in!

Compare scores with friends on all Sporcle quizzes.
Join for Free
OR
Log In

You Might Also Like...

Show Comments

Extras

Top Quizzes Today


Score Distribution

Your Account Isn't Verified!

In order to create a playlist on Sporcle, you need to verify the email address you used during registration. Go to your Sporcle Settings to finish the process.

Report this User

Report this user for behavior that violates our Community Guidelines.

Details: